[Event "Oruro op 8th"]
[Site "Oruro"]
[Date "2022.05.06"]
[Round "4"]
[White "Menacho Aillon, Antonio"]
[Black "Vasquez Bueno, Fatima"]
[Result "1-0"]
[WhiteElo "1267"]
[BlackElo "1131"]
[PlyCount "87"]
[EventDate "2022.05.05"]
[EventType "swiss"]
[EventRounds "7"]
[EventCountry "BOL"]
[SourceTitle "CBM 208 Extra"]
[Source "ChessBase"]
[SourceDate "2022.07.31"]
[SourceVersion "1"]
[SourceVersionDate "2022.07.31"]
[SourceQuality "1"]

1. d4 e6 2. c4 Nf6 3. Nc3 Bb4 4. a3 Bxc3+ 5. bxc3 b6 6. f3 Ba6 7. e4 h6 8. Be3 0-0 9. Bd3 d6 10. Ne2 c5 11. 0-0 Nbd7 12. Ng3 Nh7 13. Qc2 e5 14. f4 Re8 15. fxe5 dxe5 16. d5 Ndf6 17. Qe2 Bc8 18. Nf5 Bxf5 19. Rxf5 g6 20. Rf2 h5 21. h3 Kg7 22. Raf1 Rf8 23. Rxf6 Nxf6 24. Bg5 Qd7 25. Bxf6+ Kh6 26. Qe3+ Kh7 27. Be2 Rae8 28. Qg3 Rg8 29. Qh4 Rg7 30. Bxg7 Kxg7 31. Qf6+ Kg8 32. Qg5 Rf8 33. Bxh5 Kh7 34. Rf6 Rg8 35. Bg4 Qe7 36. Qh4+ Kg7 37. Rxg6+ Kxg6 38. Qxe7 f6 39. Bf5+ Kg5 40. Qf7 Rd8 41. Qg7+ Kf4 42. Kf2 Rg8 43. Qxg8 b5 44. Qg3# 1-0

[Event "Oruro op 8th"]
[Site "Oruro"]
[Date "2022.05.05"]
[Round "1"]
[White "Vasquez Bueno, Fatima"]
[Black "Almendras, Elias"]
[Result "0-1"]
[WhiteElo "1131"]
[BlackElo "1996"]
[PlyCount "52"]
[EventDate "2022.05.05"]
[EventType "swiss"]
[EventRounds "7"]
[EventCountry "BOL"]
[SourceTitle "CBM 208 Extra"]
[Source "ChessBase"]
[SourceDate "2022.07.31"]
[SourceVersion "1"]
[SourceVersionDate "2022.07.31"]
[SourceQuality "1"]

1. e4 d5 2. exd5 Qxd5 3. Nc3 Qa5 4. d4 Nf6 5. Nf3 Bg4 6. Be2 Nc6 7. 0-0 0-0-0 8. Be3 e5 9. h3 Bxf3 10. Bxf3 exd4 11. Bxc6 bxc6 12. Bxd4 c5 13. Qf3 cxd4 14. Qa8+ Kd7 15. Rad1 Rxa8 16. Rxd4+ Bd6 17. b4 Qe5 18. Rfd1 Qh2+ 19. Kf1 Rhe8 20. f4 Re3 21. Ne2 Ne4 22. c4 Rxe2 23. Kxe2 Qxg2+ 24. Ke3 Re8 25. c5 Nxc5+ 26. Re4 Rxe4# 0-1